| 000 | 00481nam a2200169 a 4500 | ||
|---|---|---|---|
| 001 | 58 | ||
| 003 | CDMR | ||
| 005 | 20130515102724.0 | ||
| 008 | 130130s2002||||||||||||||||||||||||||||d | ||
| 040 |
_aCDMR _bcat _cCDMR |
||
| 100 | 1 |
_aSarrats i Ferrés, Marçal _964 |
|
| 245 | 1 | 0 |
_a25 anys llegint en català, 25 anys del diari Avui _b: història del diari Avui (1976-2001) |
| 260 |
_aBarcelona _c2002 |
||
| 300 |
_a114p ; _c28 cm |
||
| 610 | 2 |
_9222 _aAvui (Diari) _xHistòria |
|
| 942 |
_cMON _2ddc |
||
| 999 |
_c58 _d58 |
||